Annual report ...
| Corporate Author: | |
|---|---|
| Format: | Serial |
| Language: | English Slovak |
| PhysicalDescription: | 21 zv. fotogr., grafy, tab. 30 cm |
| Published: |
Bratislava
Národná banka Slovenska
1994-2014
|
| ISBN: | 8080430969 (brož. : r. 2004) 9788080431143 (brož. : r. 2006) 9788080431266 (brož. : r. 2007) 9788080431341 (brož. : r. 2008) 9788080431501 (brož. : r. 2009) 9788080431679 (brož. : r. 2010) 9788080431976 (brož. : r. 2013) 808043106X (brož. : r. 2005) |
| Subjects: | |
| Online Access: | http://www.nbs.sk/en/publications-issued-by-the-nbs/annual-report |
MARC
| LEADER | 00000cas a2200000 a 4500 | ||
|---|---|---|---|
| 001 | vtls001473624 | ||
| 003 | SK-MaSNL | ||
| 005 | 20260425194059.0 | ||
| 008 | 040422d19942014xo ar 0 0a0eng | ||
| 015 | |a SNBE2002/04-01699 (r. 2000) |a SNBB2005/02-00448 (r. 2001) |a SNBB2005/02-00449 (r. 2002) |a SNBB2008/01-00283 (r. 2003) |a SNBB2008/01-00284 (r. 2004) |a SNBB2008/01-00285 (r. 2006) |a SNBB2008/03-01378 (r. 2007) |a SNBB2015-(r. 2009, r. 2010, r. 2013) |a SNBB2016-(r. 2008) | ||
| 020 | |a 8080430969 (brož. : r. 2004) | ||
| 020 | |a 9788080431143 (brož. : r. 2006) | ||
| 020 | |a 9788080431266 (brož. : r. 2007) | ||
| 020 | |a 9788080431341 (brož. : r. 2008) | ||
| 020 | |a 9788080431501 (brož. : r. 2009) | ||
| 020 | |a 9788080431679 (brož. : r. 2010) | ||
| 020 | |a 9788080431976 (brož. : r. 2013) | ||
| 020 | |a 808043106X (brož. : r. 2005) | ||
| 035 | |a SNK000428926 | ||
| 040 | |a SNK |b slo |c SNK |e AACR2 | ||
| 041 | 1 | |a eng |h slo | |
| 043 | |a e-xo--- | ||
| 044 | |a xo |c SK | ||
| 072 | 7 | |a 336.7 |x Financie |2 konspekt | |
| 080 | |a (437.6) |2 2001 | ||
| 080 | |a (047.1) |2 2001 | ||
| 080 | |a (058) |2 2001 | ||
| 080 | |a 336.71 |2 2001 | ||
| 110 | 2 | |a Národná banka Slovenska |9 14536 | |
| 245 | 1 | 0 | |a Annual report ... |c Národná banka Slovenska |
| 260 | |a Bratislava |b Národná banka Slovenska |c 1994-2014 | ||
| 300 | |a 21 zv. |b fotogr., grafy, tab. |c 30 cm | ||
| 310 | |a 1x ročne | ||
| 362 | 0 | |a 1993-2013 | |
| 500 | |a Súčasťou názvu je označenie bežného roku | ||
| 500 | |a Popis podľa: R. 2001 | ||
| 500 | |a Vychádza aj v slovenčine | ||
| 500 | |a Preložené zo slovenčiny | ||
| 500 | |a Od r. 2014 len v elektronickej verzii | ||
| 650 | 0 | 7 | |a banky |2 SNKPH |9 2103 |
| 650 | 0 | 7 | |a centrálne bankovníctvo |2 SNKPH |9 2112 |
| 650 | 0 | 7 | |a Central banking |2 SNKPHeng |9 267245 |
| 650 | 0 | 7 | |a Banks |2 SNKPHeng |9 266087 |
| 651 | 7 | |a Slovensko |2 SNKPHgeo |9 14231 | |
| 651 | 7 | |a Slovakia |2 SNKPHeng |9 92630 | |
| 655 | 7 | |a výročné správy |2 SNKPH |9 70580 | |
| 655 | 7 | |a ročenky |2 SNKPH |9 57146 | |
| 655 | 7 | |a Annual reports |2 SNKPHeng |9 265598 | |
| 655 | 7 | |a Yearbooks |2 SNKPHeng |9 120938 | |
| 775 | 0 | |t Výročná správa ... |w vtls001473555 | |
| 852 | |a Štátna vedecká knižnica v Banskej Bystrici | ||
| 856 | 4 | 1 | |u http://www.nbs.sk/en/publications-issued-by-the-nbs/annual-report |
| 910 | |a snk | ||
| 919 | |a 80-8043-096-9 | ||
| 919 | |a 978-80-8043-114-3 | ||
| 919 | |a 978-80-8043-126-6 | ||
| 919 | |a 978-80-8043-134-1 | ||
| 919 | |a 978-80-8043-150-1 | ||
| 919 | |a 978-80-8043-167-9 | ||
| 919 | |a 978-80-8043-197-6 | ||
| 999 | |c 3520 |d 5450 | ||
| 952 | |a SNK |b SNK |y PREZ |7 0 |p 17A0477748 |o snkČSB 4547/2004 |i snk2005/21254 |8 0 |0 0 |1 0 |4 0 |d 2005-12-16 |l 0 |r 2026-02-21 19:30:35 |w 2026-02-21 | ||
| 952 | |a SNK |b SNK |y PREZ |7 0 |p 17A0477749 |o snkČSB 4547/2004 D1 |i snk2005/21255 |8 0 |0 0 |1 0 |4 0 |d 2005-12-16 |l 0 |r 2026-02-21 19:30:35 |w 2026-02-21 | ||
| 952 | |a SNK |b SNK |y PREZ |7 0 |p 17A0416313 |o snkČSB 4547/2001 |i snkPV 467/2004 |0 0 |1 0 |4 0 |d 2004-04-22 |l 0 |r 2005-01-02 00:00:00 |w 2026-02-21 | ||
| 952 | |a SNK |b SNK |y PREZ |7 0 |p 17A0416314 |o snkČSB 4547/2001 D1 |i snkPV 468/2004 |0 0 |1 0 |4 0 |d 2004-04-22 |l 0 |r 2005-01-02 00:00:00 |w 2026-02-21 | ||
| 952 | |a SNK |b SNK |y PREZ |7 0 |p 17A0416316 |o snkČSB 4547/2002 |i snkPV 469/2004 |0 0 |1 0 |4 0 |d 2004-04-22 |l 0 |r 2005-01-02 00:00:00 |w 2026-02-21 | ||
| 952 | |a SNK |b SNK |y PREZ |7 0 |p 17A0416315 |o snkČSB 4547/2002 D1 |i snkPV 470/2004 |0 0 |1 0 |4 0 |d 2004-04-22 |l 0 |r 2005-01-02 00:00:00 |w 2026-02-21 | ||
| 952 | |a SNK |b SNK |y PREZ |7 0 |p 17A0431618 |o snkČSB 4547/2003 |i snkPV 1269/2004 |0 0 |1 0 |4 0 |d 2004-09-21 |l 0 |r 2005-01-02 00:00:00 |w 2026-02-21 | ||
| 952 | |a SNK |b SNK |y PREZ |7 0 |p 17A0431619 |o snkČSB 4547/2003 D1 |i snkPV 1270/2004 |0 0 |1 0 |4 0 |d 2004-09-21 |l 0 |r 2005-01-02 00:00:00 |w 2026-02-21 | ||
| 952 | |a SNK |b SNK |y PREZ |7 0 |p 17A1521612 |o snkČSB 4547/2005 |i snk2007/2649 |8 1 |0 0 |1 0 |4 0 |d 2023-10-26 |l 0 |r 2026-02-21 19:47:43 |w 2026-02-21 | ||
| 952 | |a SNK |b SNK |y PREZ |7 0 |p 17A0596713 |o snkČSB 4547/2007 |i snk2008/16957 |8 0 |0 0 |1 0 |4 0 |d 2008-09-10 |l 0 |r 2026-02-21 20:39:23 |w 2026-02-21 | ||
| 952 | |a SNK |b SNK |y PREZ |7 0 |p 17A0596712 |o snkČSB 4547/2007 D1 |i snk2008/16958 |8 0 |0 0 |1 0 |4 0 |d 2008-09-10 |l 0 |r 2026-02-21 20:39:23 |w 2026-02-21 | ||
| 952 | |a SNK |b SNK |y PREZ |7 0 |p 17A0871183 |o snkČSB 4547/2010 |i snk2015/1660 |8 0 |0 0 |1 0 |4 0 |d 2015-01-20 |l 0 |r 2026-02-21 20:52:19 |w 2026-02-21 | ||
| 952 | |a SNK |b SNK |y PREZ |7 0 |p 17A0871195 |o snkČSB 4547/2010 D1 |i snk2015/1661 |8 0 |0 0 |1 0 |4 0 |d 2015-01-20 |l 0 |r 2026-02-21 20:52:19 |w 2026-02-21 | ||
| 952 | |a SNK |b SNK |y PREZ |7 0 |p 17A0871184 |o snkČSB 4547/2013 |i snk2015/1666 |8 0 |0 0 |1 0 |4 0 |d 2015-01-20 |l 0 |r 2026-02-21 20:52:19 |w 2026-02-21 | ||
| 952 | |a SNK |b SNK |y PREZ |7 0 |p 17A0871194 |o snkČSB 4547/2013 D1 |i snk2015/1668 |8 0 |0 0 |1 0 |4 0 |d 2015-01-20 |l 0 |r 2026-02-21 20:52:19 |w 2026-02-21 | ||
| 952 | |a SNK |b SNK |y PREZ |7 0 |p 17A0556712 |o snkČSB 4547/2006 |i snk2007/20940 |8 0 |0 0 |1 0 |4 0 |d 2007-09-21 |l 0 |r 2026-02-21 21:11:52 |w 2026-02-21 | ||
| 952 | |a SNK |b SNK |y PREZ |7 0 |p 17A0556713 |o snkČSB 4547/2006 D1 |i snk2007/20942 |8 0 |0 0 |1 0 |4 0 |d 2007-09-21 |l 0 |r 2026-02-21 21:11:53 |w 2026-02-21 | ||
| 952 | |a SNK |b SNK |y PREZ |7 0 |p 17A0353698 |o snkČSB 4547/2000 |i snkKSP 9991/2002 |0 0 |1 0 |4 0 |d 2002-08-15 |l 0 |r 2005-01-02 00:00:00 |w 2026-02-21 | ||
| 952 | |a SNK |b SNK |y PREZ |7 0 |p 17A0353699 |o snkČSB 4547/2000 D1 |i snkKSP 9992/2002 |0 0 |1 0 |4 0 |d 2002-08-15 |l 0 |r 2005-01-02 00:00:00 |w 2026-02-21 | ||
| 952 | |a SNK |b SNK |y PREZ |7 0 |p 17A0029701 |o snkČSB 4547/1993 |0 0 |1 0 |4 0 |d 1997-01-10 |l 0 |r 2005-01-01 00:00:00 |w 2026-02-21 | ||
| 952 | |a SNK |b SNK |y PREZ |7 0 |p 17A0871182 |o snkČSB 4547/2009 |i snk2015/1639 |8 0 |0 0 |1 0 |4 0 |d 2015-01-20 |l 0 |r 2026-02-21 21:43:23 |w 2026-02-21 | ||
| 952 | |a SNK |b SNK |y PREZ |7 0 |p 17A0871196 |o snkČSB 4547/2009 D1 |i snk2015/1648 |8 0 |0 0 |1 0 |4 0 |d 2015-01-20 |l 0 |r 2026-02-21 21:43:23 |w 2026-02-21 | ||
| 952 | |a SNK |b SNK |y PREZ |7 0 |p 17A1098197 |o snkČSB 4547/2008 |i snk2016/6690 |8 0 |0 0 |1 0 |4 0 |d 2016-03-08 |l 0 |r 2026-02-21 22:09:13 |w 2026-02-21 | ||
| 952 | |a SNK |b SNK |y PREZ |7 0 |p 17A1098196 |o snkČSB 4547/2008 D1 |i snk2016/6693 |8 0 |0 0 |1 0 |4 0 |d 2016-03-08 |l 0 |r 2026-02-21 22:09:13 |w 2026-02-21 | ||


